00274nam a2200109 a 450000500170000000800410001705000230005824500110008126000280009230000090012044000350012920140412111326.0101228s19uu xx 00 eng d aREF 030bD632 1999 aBirds. aChina :bDisney,c1999. a57p. aDisney Children's Encyclopedia